Normal view MARC view

Entry Personal Name

Number of records used in: 1

001 - CONTROL NUMBER

  • control field: 167173

003 - CONTROL NUMBER IDENTIFIER

  • control field: OSt

005 - DATE AND TIME OF LATEST TRANSACTION

  • control field: 20220923222650.0

008 - FIXED-LENGTH DATA ELEMENTS

  • fixed length control field: 220923|| aca||aabn | a|a d

040 ## - CATALOGING SOURCE

  • Original cataloging agency: OSt
  • Transcribing agency: OSt

100 ## - HEADING--PERSONAL NAME

  • Personal name: उपाध्याय, विश्वम्भरनाथ; शंकर, प्रेम, संपा

670 ## - SOURCE DATA FOUND

  • Source citation: Work cat.: (OSt)357565: उपाध्याय, विश्वम्भरनाथ; शंकर, प्रेम, संपा., देवराज, 1984
Copyright @ Delhi University Library System